000 00656nam a2200205Ia 4500
003 GCL
008 140319s9999 xx 000 0 ara d
040 _aGCL /
_cGCL
082 0 4 _a245
_bع ا
100 1 _aعائشة يوسف المناعى
245 1 0 _aاصول العقيده بين المعتزلة والشيعة الامامية /
_cعائشة يوسف المناعى
300 _a472 ص
490 _aالهيئة العامة للاستعلامات
_v0
650 0 4 _aالاسلام
650 0 4 _aالعقيدة الاسلامية
650 0 4 _aالشيعة
650 0 4 _aالمعتزلة
650 0 4 _aالامامية
942 _2ddc
_cBK
999 _c50127
_d50127